000 00550nam a2200169 a 4500
001 000027781
003 DO-SdBNP
005 20231228095046.0
008 110404s2002 dr r 000 0 spa d
040 _aDO-SdBNP
_bspa
_cBNPHU
082 _axxxx
_bxxxx
110 1 _aBanco Central de la República Dominicana
_bDepartamento de Cuentas Nacionales y Estadísticas Económicas
_954851
245 1 0 _aEstadísticas turísticas :
_benero-junio 2002
260 _aSanto Domingo :
_bBanco Central,
_c2002.
300 _a104 p. ;
_c29 cm.
942 _2ddc
_cLBS1
999 _c27273
_d27273